| 000 | 00706cam a22002413a 4500 | ||
|---|---|---|---|
| 001 | 31271 | ||
| 003 | PGUSA | ||
| 005 | 20140828083657.0 | ||
| 008 | 100213s2010||||xxu|||||s|||||000 | eng d | ||
| 040 |
_aPGUSA _beng |
||
| 042 | _adc | ||
| 050 | 4 | _aJC | |
| 100 | 1 |
_aPaine, Thomas, _d1737-1809 |
|
| 245 | 1 | 4 |
_aThe Writings Of Thomas Paine, Volume III. : _b1791-1804 _h[electronic resource] / _cThomas Paine |
| 260 |
_bProject Gutenberg, _c2010 |
||
| 506 | _aPublic domain in the USA. | ||
| 516 | _aElectronic text | ||
| 653 | _aPolitical science | ||
| 700 | 1 |
_aConway, Moncure Daniel, _d1832-1907 |
|
| 830 | 0 |
_aProject Gutenberg _v31271 |
|
| 856 | 4 | 0 | _uhttp://www.gutenberg.org/ebooks/31271 |
| 942 | _cEB | ||
| 999 |
_c260526 _d260526 |
||